| 000 | 00594nam a22001577a 4500 | ||
|---|---|---|---|
| 003 | OSt | ||
| 005 | 20150905144713.0 | ||
| 008 | 150905b xxu||||| |||| 00| 0 eng d | ||
| 040 | _cRUA | ||
| 082 | _aAGR សុខ 1989 B001 Or.1 | ||
| 100 |
_938 _aសុខភុន សុភក្រ័្ក |
||
| 245 | _aលក្ខណៈពិសេសនៃការបង្កើនទិន្នផលសណ្ដែកសៀងទាក់ទងទៅនឹងប្រវែងចន្លោះជួរ | ||
| 260 |
_aPhnom Penh _bRUA _c1989 |
||
| 300 |
_a72p. _bill. _c29cm. |
||
| 942 |
_2ddc _cAGR |
||
| 999 |
_c35 _d35 |
||